Песни Децла - Армагеддон - Statistics

General Stats
  • This quiz has been taken 24 times
  • The average score is 6 of 20
Answers on the Grid
Answers color-coded by a green-red scale on the quiz's grid according to % correct below.
Слёзы
Письмо
Кто? Ты
До зимы
Легалайз
Африканские бусы
Надежда на завтра
Пятница
Агент
Кровь, моя кровь
Выходи гулять
Закипает чайник
Пробки, стройка, грязь
Сине-красные огни
MXXXIII
Худший друг
Потабачим
Серпантин
Мысли глубоко
Последний билет
Бумеранг
Сладкий туман
Дважды
Злые голуби
Дети
Узурпаторов план
Конфеты
Сайфер
Принцесса
Цветы в вазе
Наши создатели
Амфибия
Думай позитивно
Уличные псы
Пожар
Сигналы
Вокруг шум
Окно в Париж
Ревность
Чёрный змей
 
Answer Stats
Answer % Correct
Слёзы
79%
Письмо
79%
Кто? Ты
58%
Пятница
58%
Кровь, моя кровь
47%
Легалайз
37%
Потабачим
32%
Уличные псы
32%
Пробки, стройка, грязь
26%
Надежда на завтра
21%
Чёрный змей
21%
Сладкий туман
16%
Мысли глубоко
11%
Сигналы
11%
MXXXIII
11%
Сине-красные огни
5%
Дважды
5%
Узурпаторов план
5%
Принцесса
0%
Наши создатели
0%
No matching quizzes found
Score Distribution
Percent of People with Each Score
Percentile by Number Answered
Your Score History
You have not taken this quiz